| 000 | 00788cam a2200169 4500 | ||
|---|---|---|---|
| 008 | 041222n1985 000 0 eng u | ||
| 020 | _a020347290X | ||
| 035 | _a(Sirsi) u128404 | ||
| 041 | _aeng | ||
| 100 | _aTurk, Christopher | ||
| 245 | _aEffective speaking | ||
| 260 | _c1985 | ||
| 520 | _aProvides the hard scientific information about audience psychology, text preparation, presentation methods, voice production, body language and persuasive advocacy which will help would-be speakers improve their performance. The emphasis throughout is on practical self-help, on methods which have been shown to work, with clear explanations of just why they are effective. | ||
| 650 | _aPUBLIC SPEAKING | ||
| 690 | _aMANAGEMENT-BUSINESS MANAGEMENT-PROFESSIONAL PRACTICE | ||
| 942 | _n0 | ||
| 999 |
_c103906 _d103906 |
||